000 01639nam0a2200397 4500
001 RU\NLR\bibl\1429686
005 20250615221258.0
010 _a978-5-02-025542-5
_9350
021 _aRU
_b2009-69182
_94283
035 _a(nilc)RSL-KNO-004377622
035 _a(NLR Aleph) 001421601
090 _a1346194
_c1346194
100 _a20090820d2009 |||y0rusy50 ca
101 0 _arus
_deng
102 _aRU
105 _aa zzzz|||||
200 1 _aЯзык командорских алеутов
_eдиалект острова Беринга
_fЕ. В. Головко, Н. Б. Вахтин, А. С. Асиновский
_gРос. акад. наук, Ин-т лингвист. исслед.
210 _aСанкт-Петербург
_cНаука
_d2009
215 _a354, [1] с.
_cтабл.
_d22
300 _aРез. на англ. яз.
320 _aБиблиогр.: с. 320-345
606 1 _aАлеутский язык
_xДиалекты
_yКомандорские острова (Берингово море)
_92574899
_3RU\NLR\auth\661522496
686 _aШ168.22-51,0
_2rubbk
686 _aШ175.322-5
700 1 _aГоловко
_bЕ. В.
_gЕвгений Васильевич
_4070
701 1 _aВахтин
_bН. Б.
_gНиколай Борисович
_4070
701 1 _aАсиновский
_bА. С.
_gАлександр Семенович
_4070
801 0 _aRU
_bРКП
_c20090820
_grcr
801 1 _aRU
_bРГБ
_c20090820
801 2 _aRU
_bNLR
_c20091026
_grcr
852 _aNLR
_bОНЛ
_jАлеут./3-11
852 _aNLR
_bОНЛ
_jМК-5023
942 _cBOOK
980 _aNB